• 首页
  • 本馆介绍
  • 公告通知
  • 最新文献
  • 馆藏检索
  • 电子资源
  • 读者导购
  • 参考咨询
  • 我的图书馆
  • 登录
  • 详细信息显示
  • 放入我的书架
  • 预约/预借图书
  • 作者相关作品
  • 分类相关作品
  • 丛书相关作品
  • 出版社相关作品

书目信息

  • 表格格式
  • 工作单格式
  • 卡片格式
题名:
美学百科辞典
    
 
作者: 竹内敏雄 主编 ;刘晓路 译
分册:  
出版信息: 长沙   湖南人民出版社  1988.7
页数: 710页
开本: 20cm
丛书名:
单 册:
中图分类: B83-61
科图分类:
主题词: 美学--词典
电子资源:
ISBN: 7-217-00388-1
000 00668nam0 2200229 45
001 0189011991
005 20060424095155.71
010    @a7-217-00388-1@b精装@dCNY9.70
020    @aCN@b89011991
100    @a19910105d1988 m y0chiy0120 ea
101 1  @achi@cjpn
102    @aCN@b430000
105    @ay e 000yy
200 10 @a美学百科辞典@Amei xue bai ke ci dian@f(日)竹内敏雄主编@F( ri ) zhu neimin xiong zhu bian@g刘晓路等译
210    @a长沙@c湖南人民出版社@d1988.7
215    @a710页@d20cm
606    @a美学@x词典
690    @aB83-61@v1980
701  0 @a竹内敏雄@4主编
702  0 @a刘晓路@Aliu xiao lu@4译
801  0 @aCN@bNLC@c20060424
905    @dB83-61@e83-2
    
    美学百科辞典/(日)竹内敏雄主编/刘晓路等译.-长沙:湖南人民出版社,1988.7
    710页;20cm
    
    
    ISBN 7-217-00388-1(精装):CNY9.70
    
●
相关链接 在E读中查询图书 在五车中查询图书 在当当中查询图书 在豆瓣中查询图书


正题名:美学百科辞典     索取号:B83-61/83-2         预约/预借

序号 登录号 条形码 馆藏地/架位号 状态 备注
1 0218384   002020137   密集书库/ [索取号:B83-61/83-2] 在馆    
2 0218385   202282207   密集书库/ [索取号:B83-61/83-2] 在馆    
3 0218386   002042765   第一样本阅览室/ [索取号:B83-61/83-2] 在馆    
唐山师范学院图书馆 欢迎您!
大连网信软件有限公司© 版权所有